Statistics for Top 100 Biggest Cities in California

Click here to take the quiz!

General Stats

  • This quiz has been taken 957 times
    (249 since last reset)
  • The average score is 48 of 100

Answer Stats

Population City % Correct
3,979,576Los Angeles
99%
1,021,795San Jose
98%
881,549San Francisco
98%
1,423,851San Diego
98%
513,624Sacramento
97%
531,576Fresno
94%
384,145Bakersfield
93%
350,365Anaheim
92%
433,031Oakland
92%
331,360Riverside
91%
215,784San Bernardino
89%
462,628Long Beach
86%
312,697Stockton
84%
287,401Irvine
84%
332,318Santa Ana
83%
91,364Santa Barbara
81%
215,196Modesto
78%
141,029Pasadena
76%
274,492Chula Vista
74%
212,979Santa Clarita
73%
199,223Huntington Beach
70%
208,881Oxnard
67%
241,110Fremont
66%
176,753Santa Rosa
64%
90,401Santa Monica
63%
138,669Orange
63%
175,742Oceanside
60%
214,547Fontana
59%
126,813Thousand Oaks
59%
130,365Santa Clara
58%
121,363Berkeley
58%
185,010Ontario
58%
155,465Salinas
57%
95,605Compton
56%
151,691Pomona
56%
107,263Santa Maria
55%
199,303Glendale
55%
177,603Rancho Cucamonga
55%
102,511Burbank
54%
92,590Redding
54%
157,601Lancaster
53%
155,079Palmdale
52%
213,055Moreno Valley
52%
104,430San Mateo
52%
109,106Ventura
51%
138,632Fullerton
51%
169,868Corona
51%
151,625Escondido
51%
143,592Torrance
49%
108,151Inglewood
45%
115,382Carlsbad
45%
122,385Victorville
44%
110,567Richmond
43%
103,301Chico
42%
121,692Vallejo
42%
159,203Hayward
41%
106,280Daly City
41%
134,605Visalia
41%
174,775Elk Grove
40%
125,613Simi Valley
39%
129,295Concord
36%
171,644Garden Grove
36%
152,703Sunnyvale
36%
114,761Temecula
35%
115,487El Monte
35%
111,502Antioch
34%
94,381Mission Viejo
33%
84,534Newport Beach
33%
105,101West Covina
33%
100,670Vacaville
32%
102,708El Cajon
31%
117,133Fairfield
30%
141,500Roseville
30%
111,126Downey
30%
94,371Chino
30%
113,003Costa Mesa
28%
101,638Vista
27%
91,394Carson
25%
114,584Clovis
25%
90,189Livermore
22%
116,223Murrieta
22%
91,765Indio
22%
85,098Whittier
21%
95,750Hesperia
21%
85,334Hemet
21%
103,526Rialto
21%
103,949Norwalk
20%
88,815San Leandro
19%
85,925Redwood City
18%
94,740Tracy
17%
109,527Jurupa Valley
17%
86,068Hawthorne
17%
84,196Milpitas
16%
85,531Lake Forest
16%
90,643Westminster
15%
83,853Chino Hills
13%
96,664San Marcos
11%
87,796Citrus Heights
9%
93,444South Gate
9%
94,754Menifee
5%

Score Distribution

Percentile by Number Answered

Percent of People with Each Score

Your Score History

You have not taken this quiz since the last reset